Catálogo
 En Linea

Aceleradores de particulas / (Registro nro. 39536)

Detalles MARC
000 -CABECERA
campo de control de longitud fija 00767nam a2200205 a 4500
001 - NÚMERO DE CONTROL
campo de control 000040046
005 - FECHA Y HORA DE LA ÚLTIMA TRANSACCIÓN
campo de control 20250113110645.0
008 - DATOS DE LONGITUD FIJA--INFORMACIÓN GENERAL
campo de control de longitud fija 130805s1982 xxu 000 0 spa d
040 ## - FUENTE DE LA CATALOGACIÓN
Centro catalogador/agencia de origen DO-SdBNP
Lengua de catalogación spa
Centro/agencia transcriptor BNPHU
082 ## - NÚMERO DE LA CLASIFICACIÓN DECIMAL DEWEY
Número de clasificación xxxx
Número de documento/Ítem xxxx
100 1# - ENTRADA PRINCIPAL--NOMBRE DE PERSONA
Nombre de persona Alba Andrade, Fernando
9 (RLIN) 66300
245 10 - MENCIÓN DE TÍTULO
Título Aceleradores de particulas /
Mención de responsabilidad, etc. Fernando Alba Andrade ; editora Eva V.Chesneau.
250 ## - MENCIÓN DE EDICIÓN
Mención de edición 2a. ed. act.
260 ## - PUBLICACIÓN, DISTRIBUCIÓN, ETC.
Lugar de publicación, distribución, etc. México :
Nombre del editor, distribuidor, etc. Secretaría General de la Organización de los Estados Americanos
-- Programa Regional de Desarrollo y Técnológico,
Fecha de publicación, distribución, etc. 1982.
300 ## - DESCRIPCIÓN FÍSICA
Extensión 66 p. ;
Dimensiones 25 cm.
490 1# - MENCIÓN DE SERIE
Mención de serie Monografía
Designación de volumen o secuencia 7
590 ## - NOTA LOCAL (RLIN)
Nota local Inventariado, 2019/BT
710 1# - PUNTO DE ACCESO ADICIONAL--NOMBRE DE ENTIDAD CORPORATIVA
Nombre de entidad corporativa o nombre de jurisdicción como elemento de entrada Organización de los Estados Americanos
Unidad subordinada Secretaría General
9 (RLIN) 66301
830 #0 - PUNTO DE ACCESO ADICIONAL DE SERIE-TÍTULO UNIFORME
Título uniforme Monografía
Número de parte o sección de la obra 7
9 (RLIN) 66302
Existencias
Estado de retiro Estado de pérdida Restricciones de uso No para préstamo Código de colección Localización permanente Ubicación/localización actual Ubicación en estantería Fecha de adquisición Número de inventario Total de préstamos Signatura topográfica completa Código de barras Fecha visto por última vez Precio válido a partir de Tipo de ítem Koha
      Excluido de préstamo Monografías: Libros y Folletos General General Depósito 05.08.2013 LF1   xxxx xxxx 40046-10 25.06.2020 25.06.2020 No se presta

Con tecnología Koha